000 00292nam a2200109Ia 4500
008 200302s9999 xx 000 0 und d
100 _aKrishen Khanna and Others
245 _aLines from an artistic life the drawings of adimoolam
260 _bMapin Publishing
260 _c2007
300 _a164
999 _c6524
_d6524